| 000 | 00373nam a2200145Ia 4500 | ||
|---|---|---|---|
| 008 | 240624s9999 xx 000 0 und d | ||
| 041 | _aeng | ||
| 082 | _a658.4 WEE | ||
| 100 | _aWEEDEN CURT | ||
| 245 | _aSMART GIVING IS GOOD BUSINESS HOW CORPOR | ||
| 250 | _a11 | ||
| 260 |
_c2011 _aSan Francisco _bJossey-Bass |
||
| 300 | _axviii, : 270 : p. : cm. ; 23 | ||
| 365 |
_c _b27 |
||
| 999 |
_c17651 _d17651 |
||